00220 a2200085 4500001000700000040003500007100002100042240003800063245003300101147078 cEscola São Tomás de Aquino aIACOCCA, Liliana10aMãe canguru, filho cangurulpor10aMãe canguru, filho canguru